Геохимические методы прогноза и поисков месторождений нефти и газа: учебное пособие

Dettagli Bibliografici
Autore principale: Исаев В. П. Виктор Петрович
Riassunto:Рассмотрены структура и состав геохимического поля углеводородов, формируемого в нефтегазоносных провинциях. Освешены процессы преобразования газовых смесей в ходе латеральной и вертикальной миграции, происходящие не только механическим путем хроматографической дифференциации, но и химическими превращениями газовых смесей в соответствии с законами химической термодинамики. Представлены методы поиска нефтегазовых месторождений: газовый и битумный, гидрогеохимический, микробиологический, литогео-химический, геотермический, радиометрический. Для студентов и аспирантов геологических специальностей и факультетов. Может быть использовано научными сотрудниками и специалистами научных и производственных учреждений, занимающихся прогнозом, поисками и разведкой месторождений нефти и газа.
Lingua:russo
Pubblicazione: Москва, Инфра-Инженерия, 2022
Soggetti:
Natura: MixedMaterials Libro
KOHA link:https://koha.lib.tpu.ru/cgi-bin/koha/opac-detail.pl?biblionumber=346825

MARC

LEADER 00000nam0a2200000 4500
001 346825
005 20231102005929.0
010 |a 9785972908479 
035 |a (RuTPU)RU\TPU\book\378710 
090 |a 346825 
100 |a 20211119d2022 m y0rusy50 ca 
101 0 |a rus 
102 |a RU 
105 |a a j 001zy 
200 1 |a Геохимические методы прогноза и поисков месторождений нефти и газа  |e учебное пособие  |f В. П. Исаев 
210 |a Москва  |a Вологда  |c Инфра-Инженерия  |d 2022 
215 |a 191 с.  |c ил. 
320 |a Библиогр.: с. 188-191 
330 |a Рассмотрены структура и состав геохимического поля углеводородов, формируемого в нефтегазоносных провинциях. Освешены процессы преобразования газовых смесей в ходе латеральной и вертикальной миграции, происходящие не только механическим путем хроматографической дифференциации, но и химическими превращениями газовых смесей в соответствии с законами химической термодинамики. Представлены методы поиска нефтегазовых месторождений: газовый и битумный, гидрогеохимический, микробиологический, литогео-химический, геотермический, радиометрический. Для студентов и аспирантов геологических специальностей и факультетов. Может быть использовано научными сотрудниками и специалистами научных и производственных учреждений, занимающихся прогнозом, поисками и разведкой месторождений нефти и газа. 
606 1 |a Нефтегазоносность  |x Геохимические исследования  |2 stltpush  |3 (RuTPU)RU\TPU\subj\45593  |9 64786 
610 1 |a геология 
610 1 |a нефтегазовые месторождения 
610 1 |a геохимические поля 
610 1 |a осадочные породы 
610 1 |a нефтяные залежи 
610 1 |a газовые залежи 
610 1 |a геохимический прогноз 
610 1 |a геохимический прогноз 
610 1 |a миграция 
610 1 |a нефтегазовые провинции 
610 1 |a химическая термодинамика 
610 1 |a геохимические методы 
610 1 |a поиск 
610 1 |a учебные пособия 
675 |a 553.98:550.84(075.8)  |v 4 
700 1 |a Исаев  |b В. П.  |g Виктор Петрович 
801 1 |a RU  |b 63413507  |c 20211119 
801 2 |a RU  |b 63413507  |c 20220113  |g RCR 
942 |c BK 
959 |a 10/20211119  |d 3  |e 960,00  |f УФ:2  |f ЧЗТЛ:1